| 000 | 00646nam a2200193 4500 | ||
|---|---|---|---|
| 001 | 116736 | ||
| 003 | ES-MaACL | ||
| 007 | t| | ||
| 008 | 061121s1944 ag r ||||1| spa d | ||
| 100 | 1 |
_aPascoli, Giovanni. _989333 |
|
| 245 | 1 | 0 |
_aTeoría del arte _b: (El Pequeñuelo) / _cGiovanni Pascoli ; estudio preliminar de Gherarde Marone. |
| 260 |
_aBuenos Aires : _bInter Americana, _c1944. |
||
| 300 |
_a131 p. ; _c20 cm. |
||
| 490 | 1 |
_aVida de espíritu ; _v7 |
|
| 700 | 1 |
_aMarone, Gherarde. _976957 |
|
| 830 | 0 | 0 |
_aVida del espíritu (Interamericana) _v7 _9230679 |
| 852 |
_aES-MaACL _jB-7843 _bR.28628 |
||
| 999 |
_c116736 _d116736 |
||